00361nam a2200109Ia 4500008004100000041000800041100001700049245010900066260003700175300000800212700003100220250110s9999 xx 000 0 und d aeng aJoshi Ketaki aGHG Emissions Quantification With Green Rating Systems Implementation For Residential Complexes In Pune. bM.Arch Environmental, Punec2012 a98p aGuide Name:Gujrathi Anshul